Á lódáil...
Personality factors and learning enviornments
| Príomhúdar: | |
|---|---|
| Formáid: | Printed Book |
| Teanga: | Undetermined |
| Foilsithe: |
Udaipur
Himanshu Publications
1991
|
| LEADER | 00545nam a2200145Ia 4500 | ||
|---|---|---|---|
| 008 | 161229s9999 xx 000 0 und d | ||
| 020 | |a 8185167273 | ||
| 082 | |a 378 MAL/PE | ||
| 100 | |a Malik, J S | ||
| 245 | |a Personality factors and learning enviornments | ||
| 260 | |b Himanshu Publications |a Udaipur |c 1991 | ||
| 300 | |a vii, 297 | ||
| 942 | |c BK | ||
| 999 | |c 152834 |d 152834 | ||
| 952 | |0 0 |1 0 |4 0 |6 378_000000000000000_MALPE |7 0 |9 151900 |a KAUCLV |b KAUCLV |d 2016-12-29 |g 250.00 |o 378 MAL/PE |p 904143 |r 2016-12-29 |w 2016-12-29 |y BK |z Book transferred from CCBM Library ,Acc.No:2314 | ||